| 000 | 01292cam a2200313 i 4500 | ||
|---|---|---|---|
| 001 | 768714001 | ||
| 003 | CO-MdFUSB | ||
| 005 | 20230615085348.0 | ||
| 007 | ta | ||
| 008 | 230615t2001 -usaa||| |||| 00| | spa d | ||
| 020 | _a9780825417191 | ||
| 040 |
_bspa. _aCO-MdFUSB _cCO-MdFUSB _dCO-MdFUSBC _erda |
||
| 041 | _aspa | ||
| 082 | 0 | 4 |
_223 _aG 251.3 _bT4681a |
| 100 | 1 |
_aThompson, Leslie J. _eautor |
|
| 245 | 1 | 0 |
_aEl arte de ilustrar sermones : _bmaneras de emplear anécdotas, citas y referencias al predicar la Palabra de Dios _c/ Leslie J. Thompson ; editado por Luis Nahum Sáez |
| 264 | 1 |
_aGrand Rapids, MI., USA : _bPortavoz, _c[2001] |
|
| 264 | 4 | _c© 2001 | |
| 300 |
_a160 páginas _c; 22 cm |
||
| 336 |
_atexto _btxt _2rdacontent |
||
| 337 |
_2rdamedia _asin mediación _bn |
||
| 338 |
_2rdacarrier _avolumen _bnc |
||
| 505 | _aEn busca de una ilustración -- El mal, y el buen uso de las ilustraciones -- Misión imposible -- El humor en las ilustraciones -- Un sermón ilustrativo -- Las partes de un sermón debidamente ilustradas -- ¿Por qué necesitamos buenos predicadores hoy? -- Acerca de las ilustraciones: Dr. Osvaldo Mottesi. | ||
| 563 | _aRustico | ||
| 650 | 0 |
_954 _aPredicación |
|
| 700 |
_98337 _aSáez, Luis Nahum _eeditor |
||
| 942 | _cBK | ||
| 945 | _aMag1104 | ||
| 999 |
_c36868 _d36868 |
||